000 00509nam a2200181Ia 4500
003 GCL
008 140319s9999 xx 000 0 ara d
040 _aGCL /
_cGCL
082 0 4 _a370.15
_bك م
100 1 _aكلير فهيم
245 1 0 _aالمشاكل النفسية للمراهق /
_cكلير فهيم
260 _a[S.N] :
_bدار الثقافة العربية ،
_c1987
300 _a162
490 _a
650 0 4 _aالتربية
650 0 4 _aعلم نفس المراهق
942 _2ddc
_cBK
999 _c52754
_d52754